Statistics for 10 Biggest Capital Cities By Continent

Click here to take the quiz!

General Stats

  • This quiz has been taken 6 times
  • The average score is 33 of 60

Answer Stats

ContinentPopulationCapital% Correct
North America24.9 mil peopleMexico City
100%
8.05 mil peopleSantiago
100%
20.9 mil peopleBeijing
75%
4.77 mil peopleBerlin
75%
10.2 mil peopleBogotá
75%
4.17 mil peopleBrasilia
75%
South America16.7 mil peopleBuenos Aires
75%
Africa22.2 mil peopleCairo
75%
Oceania490 k peopleCanberra
75%
28.9 mil peopleJakarta
75%
3.47 mil peopleKiev/Kyiv
75%
11.6 mil peopleLima
75%
2.50 mil peopleLisbon
75%
11.4 mil peopleLondon
75%
6.85 mil peopleMadrid
75%
26.7 mil peopleManila
75%
1.88 mil peopleMontevideo
75%
Europe18.8 mil peopleMoscow
75%
33.4 mil peopleNew-/Delhi
75%
14.8 mil peopleParis
75%
2.87 mil peopleQuito
75%
3.45 mil peopleRome
75%
24.9 mil peopleSeoul
75%
Asia40.8 mil peopleTokyo
75%
8.80 mil peopleWashington
District Columbia
75%
212 k peopleWellington
75%
4.10 mil peopleAbuja
50%
3.55 mil peopleAthens
50%
20.5 mil peopleBangkok
50%
2.65 mil peopleBudapest
50%
3.80 mil peopleCaracas
50%
21.3 mil peopleDhaka
50%
3.32 mil peopleGuatemala City
50%
2.22 mil peopleHavana
50%
(Pretoria is part
so technically
it is a capital.)
14.8 mil peopleJohannesburg
50%
2.22 mil peopleLa Paz
50%
1.37 mil peopleManagua
50%
1.62 mil peoplePanama City
50%
3.52 mil peoplePort-Au-Prince
50%
49.5 k peoplePort Vila
50%
9.15 mil peopleRiyadh
50%
2.42 mil peopleSan Jóse (CR)
50%
1.93 mil peopleSan Salvador
50%
4.17 mil peopleSanto Domingo
50%
185 k peopleSuva
50%
16.2 mil peopleTehran
50%
6.35 mil peopleAccra
25%
35.9 k peopleApia
25%
2.45 mil peopleAsunción
25%
6.00 mil peopleDar Es Salaam
25%
130 k peopleHoniara
25%
6.85 mil peopleKhartoum/
Omdurman
25%
15.0 mil peopleKinshasa
25%
9.00 mil peopleLuanda
25%
6.55 mil peopleNairobi
25%
21.1 k peopleNuku'alofa
25%
3.63 k peoplePalikir
25%
364 k peoplePort Moresby
25%
4.17 mil peopleAlgiers
0%
(I don't know if
capital.)
8.41 k peopleEbeye
0%

Score Distribution

Percentile by Number Answered

Percent of People with Each Score

Your Score History

You have not taken this quiz